| 000 | 00431nam a22001577a 4500 | ||
|---|---|---|---|
| 005 | 20240315065249.0 | ||
| 008 | 240315b |||||||| |||| 00| 0 eng d | ||
| 020 | _a9559026999 | ||
| 082 |
_222 _a323.4 _bSRI. |
||
| 245 |
_aSri Lanka : _bState of Human Rights / _cLaw & Society Trust . |
||
| 260 |
_aColombo : _bLaw & Society Trust / _c2005. |
||
| 300 | _axxi, 322 p., | ||
| 650 | _aNationalism | ||
| 650 | _aLaw & Rights. | ||
| 942 | _cL | ||
| 999 |
_c575 _d575 |
||